[Event "Toronto op"]
[Site "Toronto"]
[Date "1997.??.??"]
[Round "2"]
[White "Apostolova, Penka"]
[Black "Vranesic, Zvonko"]
[Result "0-1"]
[WhiteElo "2070"]
[BlackElo "2345"]
[PlyCount "80"]
[EventDate "1997.??.??"]
[EventType "swiss"]
[EventRounds "7"]
[EventCountry "CAN"]
[SourceTitle "EXT 2001"]
[Source "ChessBase"]
[SourceDate "2000.11.22"]
[SourceVersion "1"]
[SourceVersionDate "2000.11.22"]
[SourceQuality "1"]

1. d4 Nf6 2. Nf3 e6 3. c4 c5 4. Nc3 cxd4 5. Nxd4 a6 6. e3 Be7 7. Be2 Qc7 8. 0-0 0-0 9. a3 b6 10. Bf3 Bb7 11. Bxb7 Qxb7 12. Qe2 Nc6 13. Rd1 Rfc8 14. b3 d5 15. Na4 dxc4 16. bxc4 Ne5 17. c5 bxc5 18. Nf3 Nxf3+ 19. gxf3 Qb3 20. Nb2 c4 21. e4 c3 22. Nd3 c2 23. Re1 a5 24. Qf1 Rd8 25. Re3 Rab8 26. Nb2 Qb7 27. Rc3 Rbc8 28. Rxc8 Qxc8 29. Qe2 Qc3 30. Qe3 Rd1+ 31. Kg2 Qxe3 32. fxe3 Nd7 33. Kf2 Nc5 34. Ke2 Nb3 35. Nxd1 cxd1Q+ 36. Kxd1 Nxa1 37. Bb2 Nb3 38. Kc2 a4 39. Kd3 Kf8 40. Kc4 Nd2+ 0-1

[Event "Toronto op"]
[Site "Toronto"]
[Date "1997.??.??"]
[Round "5"]
[White "Vranesic, Zvonko"]
[Black "Findlay, Ian T"]
[Result "1/2-1/2"]
[WhiteElo "2345"]
[BlackElo "2435"]
[PlyCount "31"]
[EventDate "1997.??.??"]
[EventType "swiss"]
[EventRounds "7"]
[EventCountry "CAN"]
[SourceTitle "EXT 2001"]
[Source "ChessBase"]
[SourceDate "2000.11.22"]
[SourceVersion "1"]
[SourceVersionDate "2000.11.22"]
[SourceQuality "1"]

1. d4 Nf6 2. c4 e6 3. Nf3 d5 4. Nc3 Be7 5. Bg5 0-0 6. e3 h6 7. Bh4 b6 8. cxd5 Nxd5 9. Bxe7 Qxe7 10. Nxd5 exd5 11. Be2 Be6 12. 0-0 c5 13. dxc5 bxc5 14. Qa4 Rc8 15. Rac1 Nd7 16. Qa3 1/2-1/2

[Event "Toronto op"]
[Site "Toronto"]
[Date "1997.??.??"]
[Round "1"]
[White "Vranesic, Zvonko"]
[Black "Psakhis, Lev"]
[Result "0-1"]
[WhiteElo "2315"]
[BlackElo "2610"]
[PlyCount "100"]
[EventDate "1997.??.??"]
[EventType "swiss"]
[EventRounds "7"]
[EventCountry "CAN"]
[SourceTitle "EXT 2001"]
[Source "ChessBase"]
[SourceDate "2000.11.22"]
[SourceVersion "1"]
[SourceVersionDate "2000.11.22"]
[SourceQuality "1"]

1. d4 Nf6 2. c4 e6 3. Nf3 c5 4. d5 exd5 5. cxd5 d6 6. Nc3 g6 7. e4 a6 8. a4 Bg4 9. Be2 Bxf3 10. Bxf3 Nbd7 11. 0-0 Bg7 12. Bg5 0-0 13. Qd2 Re8 14. Rfe1 c4 15. Be2 Rc8 16. Bf1 Qa5 17. Bf4 Ne5 18. h3 Nfd7 19. Ra3 Nc5 20. Bxe5 Bxe5 21. Bxc4 Bxc3 22. Qxc3 Qxc3 23. Rxc3 Nxa4 24. Rc2 b5 25. Bd3 Rxc2 26. Bxc2 Nxb2 27. Rb1 Nc4 28. Ra1 Ra8 29. Bd3 Nb6 30. f4 Na4 31. Kf2 Nc5 32. Bxb5 Nxe4+ 33. Kf3 Nc5 34. Ra2 Kf8 35. Kg4 a5 36. Bc6 Ra7 37. h4 a4 38. Ra3 Re7 39. h5 Re4 40. g3 Kg7 41. hxg6 hxg6 42. Ra2 Kf6 43. Ra1 g5 44. Ra3 Kg6 45. Ra2 f5+ 46. Kf3 g4+ 47. Kg2 Kf6 48. Bb5 Re3 49. Bxa4 Ne4 50. Bc6 Rxg3+ 0-1

[Event "Toronto op"]
[Site "Toronto"]
[Date "1997.??.??"]
[Round "3"]
[White "Vranesic, Zvonko"]
[Black "Schleifer, Michael"]
[Result "1-0"]
[WhiteElo "2345"]
[BlackElo "2435"]
[PlyCount "81"]
[EventDate "1997.??.??"]
[EventType "swiss"]
[EventRounds "7"]
[EventCountry "CAN"]
[SourceTitle "EXT 2001"]
[Source "ChessBase"]
[SourceDate "2000.11.22"]
[SourceVersion "1"]
[SourceVersionDate "2000.11.22"]
[SourceQuality "1"]

1. d4 f5 2. g3 Nf6 3. Bg2 e6 4. Nf3 d5 5. 0-0 Bd6 6. c4 c6 7. b3 0-0 8. Ba3 Bxa3 9. Nxa3 Qe7 10. Qc1 Nbd7 11. Qb2 Ne4 12. Nc2 f4 13. Nce1 fxg3 14. hxg3 b5 15. cxb5 cxb5 16. Nd3 a5 17. Nde5 b4 18. a3 Ba6 19. Nxd7 Qxd7 20. axb4 axb4 21. Ne5 Qb5 22. Bxe4 dxe4 23. Ra2 Bb7 24. Rxa8 Rxa8 25. e3 Bd5 26. Rc1 Qe8 27. Kg2 h6 28. Qd2 Rb8 29. Rc7 h5 30. Qc2 h4 31. gxh4 Qd8 32. Nd7 Ra8 33. Nb6 Rb8 34. Nd7 Ra8 35. Nb6 Rb8 36. Nxd5 exd5 37. Qc6 Kh7 38. Qd7 Qf6 39. Qf7 Qh6 40. Qxd5 Qxh4 41. Qf5+ 1-0

[Event "Toronto op"]
[Site "Toronto"]
[Date "1995.??.??"]
[Round "4"]
[White "Vranesic, Zvonko"]
[Black "Rozentalis, Eduardas"]
[Result "0-1"]
[WhiteElo "2315"]
[BlackElo "2600"]
[PlyCount "138"]
[EventDate "1995.07.??"]
[EventType "swiss"]
[EventRounds "10"]
[EventCountry "CAN"]
[SourceTitle "EXT 1997"]
[Source "ChessBase"]
[SourceDate "1996.11.15"]
[SourceVersion "1"]
[SourceVersionDate "1996.11.15"]
[SourceQuality "1"]

1. c4 e6 2. Nc3 Bb4 3. Qb3 Ba5 4. g3 Nf6 5. Bg2 Nc6 6. Nf3 d5 7. cxd5 exd5 8. d4 h6 9. 0-0 0-0 10. Rd1 Re8 11. e3 Bxc3 12. bxc3 Na5 13. Qb4 c6 14. Ne5 Ng4 15. Nxg4 Bxg4 16. f3 Bf5 17. Re1 b6 18. a4 Rc8 19. e4 c5 20. dxc5 bxc5 21. Qb5 dxe4 22. fxe4 Be6 23. Bf4 Bc4 24. Qb2 Bd3 25. Rad1 c4 26. Bf1 Re7 27. Qf2 Nb3 28. Be3 Qd7 29. a5 a6 30. Bb6 Rce8 31. Qf3 Qc8 32. Bxd3 cxd3 33. Qxd3 Nxa5 34. Bxa5 Qc5+ 35. Qd4 Qxa5 36. Ra1 Qb5 37. c4 Qc6 38. Qd5 Qf6 39. Rf1 Qg6 40. Qf5 Qc6 41. Qd5 Rc8 42. c5 Re6 43. Ra5 Qe8 44. Rf2 Rxe4 45. Rxa6 Re5 46. Qf3 Rexc5 47. Ra7 f6 48. Qb7 Rg5 49. Kg2 Rb8 50. Qf3 h5 51. Rfa2 Qg6 52. Ra8 Rxa8 53. Qxa8+ Kh7 54. Qa4 Re5 55. Rf2 Re4 56. Qb5 Re5 57. Qc4 Qe8 58. Qd3+ Kh8 59. Rd2 Qc6+ 60. Qf3 Qe6 61. h4 Kh7 62. Qd3+ Re4 63. Qf3 Qe5 64. Rf2 g6 65. Qd3 f5 66. Qa6 Kg7 67. Qf1 Re3 68. Rf3 Qe4 69. Qd1 Re2+ 0-1

[Event "Toronto Class op"]
[Site "Toronto"]
[Date "1993.??.??"]
[Round "2"]
[White "Crisan, Ioan"]
[Black "Vranesic, Zvonko"]
[Result "1/2-1/2"]
[WhiteElo "2240"]
[BlackElo "2315"]
[PlyCount "114"]
[EventDate "1993.??.??"]
[EventType "swiss"]
[EventRounds "5"]
[EventCountry "CAN"]
[SourceTitle "EXT 1998"]
[Source "ChessBase"]
[SourceDate "1997.11.17"]
[SourceVersion "1"]
[SourceVersionDate "1997.11.17"]
[SourceQuality "1"]

1. e4 c5 2. Nf3 e6 3. d4 cxd4 4. Nxd4 Nf6 5. Nc3 d6 6. Bc4 Be7 7. f4 0-0 8. Bb3 Na6 9. 0-0 Nc5 10. Qf3 a6 11. f5 Qc7 12. Be3 b5 13. fxe6 fxe6 14. e5 dxe5 15. Nf5 Bb7 16. Qg3 Bd6 17. Rad1 Rad8 18. Nxg7 Kh8 19. Nxe6 Nxe6 20. Bxe6 Rg8 21. Bxg8 Rxg8 22. Rxf6 Rxg3 23. hxg3 Be7 24. Rf7 Kg8 25. Rdf1 b4 26. Na4 Bd5 27. R7f2 Be6 28. Bh6 Qc8 29. Rf8+ Bxf8 30. Rxf8+ Qxf8 31. Bxf8 Kxf8 32. Nc5 Bc4 33. Nd7+ Kg7 34. Nxe5 Bxa2 35. Nc6 b3 36. c3 Bb1 37. Kf2 Be4 38. Na5 Bc2 39. Ke3 Kg6 40. Nc6 Kg5 41. Nd4 Bd1 42. Kd2 Bh5 43. c4 Kg4 44. Ne2 a5 45. c5 Be8 46. Kc3 a4 47. Nd4 Kxg3 48. c6 Kxg2 49. c7 Bd7 50. Nc6 h5 51. Ne5 Bc8 52. Ng6 Kg3 53. Kb4 Bd7 54. Ne5 Be6 55. Ng6 Bd7 56. Ne5 Be6 57. Ng6 Bd7 1/2-1/2

[Event "Toronto Thanksgiving op"]
[Site "Toronto"]
[Date "1993.??.??"]
[Round "?"]
[White "Peckford, William"]
[Black "Vranesic, Zvonko"]
[Result "1-0"]
[WhiteElo "2285"]
[BlackElo "2315"]
[PlyCount "81"]
[EventDate "1993.??.??"]
[EventType "swiss"]
[EventRounds "6"]
[EventCountry "CAN"]
[SourceTitle "EXT 2004"]
[Source "ChessBase"]
[SourceDate "2003.11.25"]
[SourceVersion "1"]
[SourceVersionDate "2003.11.25"]
[SourceQuality "1"]

1. d4 d5 2. c4 e6 3. Nc3 Be7 4. cxd5 exd5 5. Bf4 c6 6. Qc2 Nf6 7. e3 0-0 8. Bd3 Nbd7 9. Nf3 Re8 10. h3 Nf8 11. g4 Ng6 12. Be5 Bd6 13. Bxd6 Qxd6 14. 0-0-0 b5 15. g5 Nd7 16. h4 Ngf8 17. Rdg1 a6 18. h5 Re7 19. g6 h6 20. Nh4 Nb6 21. gxf7+ Rxf7 22. Kb1 b4 23. Nd1 a5 24. Ng6 Raa7 25. Ne5 Rf6 26. f4 Rc7 27. Qe2 c5 28. dxc5 Qxc5 29. Nf2 Bf5 30. Bxf5 Rxf5 31. Nfg4 Rxe5 32. fxe5 Kh8 33. Nxh6 Nc4 34. Nf5 Nxe5 35. Nh4 Nc4 36. Ng6+ Kg8 37. Nxf8 Qxf8 38. Qd3 Qf3 39. h6 Ne5 40. Qh7+ Kxh7 41. hxg7+ 1-0

[Event "Labor Day op"]
[Site "Canada"]
[Date "1992.??.??"]
[Round "8"]
[White "Vranesic, Zvonko"]
[Black "Southam, David"]
[Result "0-1"]
[WhiteElo "2315"]
[BlackElo "2270"]
[PlyCount "90"]
[EventDate "1992.??.??"]
[EventType "swiss"]
[EventRounds "10"]
[EventCountry "CAN"]
[SourceTitle "EXT 1999"]
[Source "ChessBase"]
[SourceDate "1998.11.16"]
[SourceVersion "1"]
[SourceVersionDate "1998.11.16"]
[SourceQuality "1"]

1. d4 f5 2. g3 Nf6 3. Bg2 e6 4. c4 c6 5. Nh3 d6 6. Nc3 Be7 7. 0-0 0-0 8. e4 e5 9. exf5 Bxf5 10. dxe5 dxe5 11. Ng5 Na6 12. Qe2 Bd3 13. Qxe5 Bxf1 14. Qe6+ Kh8 15. Bxf1 Qd6 16. Qh3 Qd7 17. Ne6 Rfe8 18. Bf4 Bb4 19. Re1 Nc5 20. Nxc5 Qxh3 21. Rxe8+ Rxe8 22. Bxh3 Bxc5 23. Kf1 Bd4 24. Bd2 g6 25. b3 Kg7 26. Ne2 Be5 27. Be3 h6 28. Nc1 Rd8 29. Ke2 Bd4 30. Bxd4 Rxd4 31. Nd3 Re4+ 32. Kf1 Re7 33. Nc5 Ne4 34. Nd3 Nc3 35. a4 Ne4 36. Kg2 Nd2 37. Nc5 b6 38. Ne6+ Kf6 39. Nd8 Nxb3 40. Nxc6 Rc7 41. Nb4 Rxc4 42. Nd5+ Kg7 43. Bd7 Rd4 44. Bc6 Na5 45. Ba8 Rxa4 0-1

[Event "CAN-ch"]
[Site "Canada"]
[Date "1991.??.??"]
[Round "?"]
[White "Vranesic, Zvonko"]
[Black "Gentes, Kevin"]
[Result "1/2-1/2"]
[WhiteElo "2300"]
[BlackElo "2235"]
[PlyCount "82"]
[EventDate "1991.??.??"]
[EventType "tourn"]
[EventRounds "9"]
[EventCountry "CAN"]
[EventCategory "2"]
[SourceTitle "EXT 1997"]
[Source "ChessBase"]
[SourceDate "1996.11.15"]
[SourceVersion "1"]
[SourceVersionDate "1996.11.15"]
[SourceQuality "1"]

1. d4 Nf6 2. c4 e6 3. Nc3 Bb4 4. Qc2 c5 5. dxc5 0-0 6. a3 Bxc5 7. Nf3 Be7 8. e3 b6 9. Be2 Bb7 10. 0-0 d6 11. Rd1 Nbd7 12. b3 a6 13. Bb2 Qc7 14. Rac1 Rac8 15. Qb1 Qb8 16. Ne1 Rfd8 17. h3 h6 18. Qa2 Bf8 19. Bf3 Ne5 20. Be2 Ned7 21. b4 d5 22. cxd5 Nxd5 23. Nxd5 Bxd5 24. Qa1 b5 25. Rxc8 Rxc8 26. Bf3 Bxf3 27. Nxf3 Nb6 28. Bd4 Qb7 29. Rc1 Nc4 30. Ne5 Nxe5 31. Bxe5 f6 32. Bd4 Rc4 33. Rxc4 bxc4 34. Qc1 Qb5 35. Bc3 Kf7 36. Qc2 Qc6 37. e4 Bd6 38. Kf1 Qb7 39. Ke2 Qb5 40. Ke3 Qb6+ 41. Ke2 Qc7 1/2-1/2

[Event "CAN-ch"]
[Site "Canada"]
[Date "1991.??.??"]
[Round "?"]
[White "Vranesic, Zvonko"]
[Black "Southam, Todd"]
[Result "1/2-1/2"]
[WhiteElo "2300"]
[BlackElo "2305"]
[PlyCount "80"]
[EventDate "1991.??.??"]
[EventType "tourn"]
[EventRounds "9"]
[EventCountry "CAN"]
[EventCategory "2"]
[SourceTitle "EXT 1997"]
[Source "ChessBase"]
[SourceDate "1996.11.15"]
[SourceVersion "1"]
[SourceVersionDate "1996.11.15"]
[SourceQuality "1"]

1. d4 Nf6 2. c4 g6 3. Nc3 Bg7 4. e4 d6 5. f3 0-0 6. Be3 Nc6 7. Qd2 a6 8. Nge2 Rb8 9. h4 h5 10. Bh6 b5 11. 0-0-0 e5 12. Bxg7 Kxg7 13. dxe5 dxe5 14. Qe3 Qe7 15. Nd5 Nxd5 16. cxd5 Na5 17. Kb1 Nc4 18. Qc3 Nd6 19. Nc1 f5 20. Bd3 fxe4 21. Bxe4 Rf4 22. Rde1 b4 23. Qc2 Bf5 24. Bxf5 Rc4 25. Qe2 gxf5 26. Qxe5+ Qxe5 27. Rxe5 Kf7 28. Ne2 b3 29. axb3 Rxb3 30. Rc1 Rxc1+ 31. Kxc1 Rxb2 32. Rxf5+ Nxf5 33. Kxb2 Nxh4 34. Nf4 Ke7 35. Kc3 Kd6 36. Kd4 a5 37. Nxh5 Nxg2 38. Ng3 Nh4 39. Ne4+ Ke7 40. f4 a4 1/2-1/2

[Event "Toronto1"]
[Site "Toronto"]
[Date "1990.??.??"]
[Round "2"]
[White "Kozul, Zdenko"]
[Black "Vranesic, Zvonko"]
[Result "1-0"]
[WhiteElo "2575"]
[BlackElo "2335"]
[PlyCount "115"]
[EventDate "1990.04.??"]
[EventType "tourn"]
[EventRounds "11"]
[EventCountry "CAN"]
[EventCategory "9"]
[SourceTitle "CBM 020"]
[Source "ChessBase"]
[SourceDate "1991.02.01"]
[SourceVersion "1"]
[SourceVersionDate "1991.02.01"]
[SourceQuality "1"]

1. d4 Nf6 2. Nf3 c5 3. d5 d6 4. c4 g6 5. Nc3 Bg7 6. e4 0-0 7. h3 e6 8. Bd3 exd5 9. cxd5 b5 10. Bxb5 Nxe4 11. Nxe4 Qa5+ 12. Nfd2 Qxb5 13. Nxd6 Qa6 14. N2c4 Nd7 15. 0-0 Nb6 16. Nxb6 Qxb6 17. Nxc8 Raxc8 18. Rb1 Qd6 19. Be3 Rfd8 20. Qa4 Qxd5 21. Rfd1 Bd4 22. Rd2 Qc6 23. Qxc6 Rxc6 24. b3 Ra6 25. Kf1 Kg7 26. a4 Rb6 27. b4 a6 28. Rdd1 Rd5 29. Bxd4+ cxd4 30. Ke2 h5 31. Kd3 Rd7 32. b5 axb5 33. axb5 Kf6 34. Rb4 Ra7 35. Rd2 Ra5 36. Kc4 d3 37. Rxd3 Ra2 38. Rf3+ Kg7 39. Kc5 Rb8 40. b6 Rc2+ 41. Kb5 f5 42. h4 Kh6 43. g3 Ra2 44. Rff4 Rc2 45. Rf3 Kg7 46. Rd3 Rxf2 47. Rd7+ Kf6 48. b7 Rf3 49. Kc6 Rxg3 50. Kc7 Rg8 51. b8Q Rxb8 52. Kxb8 g5 53. Rb6+ Ke5 54. Re7+ Kd5 55. hxg5 Rxg5 56. Kc7 h4 57. Rd6+ Kc4 58. Re1 1-0

[Event "Toronto1"]
[Site "Toronto"]
[Date "1990.??.??"]
[Round "6"]
[White "O'Donnell, Tom"]
[Black "Vranesic, Zvonko"]
[Result "1-0"]
[WhiteElo "2410"]
[BlackElo "2335"]
[PlyCount "73"]
[EventDate "1990.04.??"]
[EventType "tourn"]
[EventRounds "11"]
[EventCountry "CAN"]
[EventCategory "9"]
[SourceTitle "CBM 020"]
[Source "ChessBase"]
[SourceDate "1991.02.01"]
[SourceVersion "1"]
[SourceVersionDate "1991.02.01"]
[SourceQuality "1"]

1. e4 c6 2. d4 d5 3. Nd2 dxe4 4. Nxe4 Bf5 5. Ng3 Bg6 6. h4 h6 7. Nf3 Nd7 8. h5 Bh7 9. Bd3 Bxd3 10. Qxd3 Qc7 11. Bd2 e6 12. 0-0-0 Ngf6 13. Ne4 0-0-0 14. g3 Nxe4 15. Qxe4 Nf6 16. Qe2 Bd6 17. Ne5 c5 18. Rh4 Kb8 19. Nc4 Ka8 20. Qf3 Nd5 21. Ba5 b6 22. Nxd6 Rxd6 23. dxc5 Rc6 24. cxb6 Rxc2+ 25. Kb1 Qb7 26. Rf4 axb6 27. Rxd5 exd5 28. Kxc2 bxa5 29. Rxf7 Rc8+ 30. Kb1 Qb5 31. a3 a4 32. Qd1 Rb8 33. Qc2 d4 34. Qe4+ Rb7 35. Rxb7 Qxb7 36. Qxb7+ Kxb7 37. b4 1-0

[Event "Toronto2"]
[Site "Toronto"]
[Date "1990.??.??"]
[Round "?"]
[White "Vranesic, Zvonko"]
[Black "Kaminker, Harry"]
[Result "1-0"]
[WhiteElo "2335"]
[BlackElo "2320"]
[PlyCount "105"]
[EventDate "1990.04.??"]
[EventType "tourn"]
[EventRounds "11"]
[EventCountry "CAN"]
[SourceTitle "EXT 1997"]
[Source "ChessBase"]
[SourceDate "1996.11.15"]
[SourceVersion "1"]
[SourceVersionDate "1996.11.15"]
[SourceQuality "1"]

1. d4 e6 2. Nf3 c5 3. g3 b5 4. Bg2 Bb7 5. c3 Nf6 6. 0-0 Be7 7. Bg5 d6 8. Nbd2 Nbd7 9. Re1 h6 10. Bxf6 Bxf6 11. e4 cxd4 12. cxd4 e5 13. Qb3 Qb6 14. Bh3 Rd8 15. a4 exd4 16. a5 Qc6 17. Rac1 Nc5 18. Qa3 b4 19. Qxb4 Nd3 20. Rxc6 Nxb4 21. Rc7 Rb8 22. Nc4 0-0 23. Nxd6 Ba6 24. Rxa7 d3 25. e5 Bd8 26. Ra1 Nc2 27. Rd1 Nb4 28. Bf5 g6 29. Be4 f5 30. Bd5+ Nxd5 31. Rxa6 f4 32. g4 Rxb2 33. Nc4 Rc2 34. Rd6 Nb4 35. Nb6 Be7 36. Rxg6+ Kh7 37. Re6 Bc5 38. Nd7 Rg8 39. h3 h5 40. Nd2 hxg4 41. Nf6+ Kg7 42. Nxg8 g3 43. Nh6 gxf2+ 44. Kg2 Nd5 45. Nf1 Ne3+ 46. Nxe3 fxe3 47. Nf5+ Kf7 48. Rf6+ Ke8 49. Nxe3 Bxe3 50. Rxd3 Bc5 51. Rdf3 Re2 52. a6 Rxe5 53. R6f5 1-0

[Event "Toronto1"]
[Site "Toronto"]
[Date "1990.??.??"]
[Round "5"]
[White "Vranesic, Zvonko"]
[Black "Piasetski, Leon David"]
[Result "1-0"]
[WhiteElo "2335"]
[BlackElo "2415"]
[PlyCount "93"]
[EventDate "1990.04.??"]
[EventType "tourn"]
[EventRounds "11"]
[EventCountry "CAN"]
[EventCategory "9"]
[SourceTitle "CBM 020"]
[Source "ChessBase"]
[SourceDate "1991.02.01"]
[SourceVersion "1"]
[SourceVersionDate "1991.02.01"]
[SourceQuality "1"]

1. c4 g6 2. Nc3 Bg7 3. g3 d6 4. Bg2 e5 5. e3 Nc6 6. Nge2 Be6 7. d4 Bxc4 8. d5 Bxe2 9. Qxe2 Nce7 10. Qb5+ Kf8 11. Qxb7 Nf6 12. e4 a6 13. b3 Nd7 14. Qb4 h5 15. h4 Bh6 16. Bxh6+ Rxh6 17. Rc1 Ng8 18. Na4 Ndf6 19. Rc6 Ne8 20. Qa5 Qb8 21. Rxa6 Rxa6 22. Qxa6 Qb4+ 23. Ke2 Qa3 24. Ra1 g5 25. hxg5 Rg6 26. Qc4 Rxg5 27. Qc1 Qxc1 28. Rxc1 h4 29. Bf3 hxg3 30. Rg1 Rg7 31. Rxg3 Rh7 32. Nc3 Ne7 33. Rg1 c6 34. Rh1 Rxh1 35. Bxh1 cxd5 36. Nxd5 Nxd5 37. exd5 Ke7 38. Kd3 Kd7 39. Kc4 Kc7 40. Bf3 Nf6 41. a4 Nd7 42. a5 f5 43. b4 e4 44. Be2 f4 45. Kd4 f3 46. Bc4 Ne5 47. Ba6 1-0

[Event "Toronto"]
[Site "Toronto"]
[Date "1989.??.??"]
[Round "3"]
[White "Hebert, Jean"]
[Black "Vranesic, Zvonko"]
[Result "1/2-1/2"]
[WhiteElo "2420"]
[BlackElo "2365"]
[PlyCount "81"]
[EventDate "1989.03.??"]
[EventType "tourn"]
[EventRounds "11"]
[EventCountry "CAN"]
[EventCategory "8"]
[SourceTitle "EXT 1997"]
[Source "ChessBase"]
[SourceDate "1996.11.15"]
[SourceVersion "1"]
[SourceVersionDate "1996.11.15"]
[SourceQuality "1"]

1. Nf3 Nf6 2. c4 e6 3. d4 d5 4. Nc3 Be7 5. Bg5 0-0 6. e3 Nbd7 7. Rc1 a6 8. a3 Re8 9. c5 c6 10. Bd3 e5 11. Bxf6 Bxf6 12. dxe5 Nxe5 13. Nxe5 Bxe5 14. 0-0 Qh4 15. f4 Bf6 16. g3 Qh3 17. Qd2 Bd7 18. Rce1 Re7 19. Nd1 Qh6 20. Nf2 Bh3 21. Nxh3 Qxh3 22. Rf2 Rae8 23. Bf1 Qf5 24. Bg2 g6 25. b4 Bg7 26. Rfe2 Qf6 27. Rd1 h5 28. h4 Qc3 29. Qxc3 Bxc3 30. Rd3 Bg7 31. Kf2 f5 32. Bf3 Kf7 33. Red2 Bf6 34. a4 Rd8 35. a5 Rde8 36. Rd1 Bb2 37. Rb3 Bg7 38. Rbd3 Rd8 39. R1d2 Ke8 40. Rd1 Red7 41. R1d2 1/2-1/2

[Event "Toronto"]
[Site "Toronto"]
[Date "1989.??.??"]
[Round "9"]
[White "Hulak, Krunoslav"]
[Black "Vranesic, Zvonko"]
[Result "1-0"]
[WhiteElo "2515"]
[BlackElo "2365"]
[PlyCount "74"]
[EventDate "1989.03.??"]
[EventType "tourn"]
[EventRounds "11"]
[EventCountry "CAN"]
[EventCategory "8"]
[SourceTitle "EXT 1997"]
[Source "ChessBase"]
[SourceDate "1996.11.15"]
[SourceVersion "1"]
[SourceVersionDate "1996.11.15"]
[SourceQuality "1"]

1. Nf3 d5 2. d4 e6 3. g3 Nf6 4. Bg2 Be7 5. 0-0 0-0 6. c4 c6 7. Qc2 b6 8. Rd1 Bb7 9. b3 Nbd7 10. Nc3 Rc8 11. e4 Nxe4 12. Nxe4 dxe4 13. Qxe4 Nf6 14. Qc2 Qc7 15. Bf4 Bd6 16. Be5 Nd7 17. Ng5 g6 18. Bxd6 Qxd6 19. c5 Qe7 20. Ne4 Ba8 21. b4 Nf6 22. Nd6 Rc7 23. Qe2 Rd8 24. Qa6 Rcd7 25. Nc8 Qf8 26. Nxa7 bxc5 27. bxc5 Rxd4 28. Rxd4 Rxd4 29. Rc1 Qb8 30. Bxc6 Qb2 31. Rf1 Bxc6 32. Nxc6 Rd2 33. Qc8+ Kg7 34. Qc7 Ne4 35. Qf4 Nxc5 36. Ne5 Qxa2 37. Qxf7+ Kh6 1-0

[Event "Toronto"]
[Site "Toronto"]
[Date "1989.??.??"]
[Round "7"]
[White "Nickoloff, Bryon"]
[Black "Vranesic, Zvonko"]
[Result "1-0"]
[WhiteElo "2420"]
[BlackElo "2365"]
[PlyCount "123"]
[EventDate "1989.03.??"]
[EventType "tourn"]
[EventRounds "11"]
[EventCountry "CAN"]
[EventCategory "8"]
[SourceTitle "EXT 1997"]
[Source "ChessBase"]
[SourceDate "1996.11.15"]
[SourceVersion "1"]
[SourceVersionDate "1996.11.15"]
[SourceQuality "1"]

1. c4 e5 2. Nc3 Nc6 3. e3 Nf6 4. Nf3 d6 5. d4 g6 6. d5 Ne7 7. c5 Bg7 8. Bb5+ Bd7 9. Bxd7+ Qxd7 10. e4 0-0 11. 0-0 Ne8 12. Qb3 b6 13. cxb6 axb6 14. Qc4 h6 15. Ne1 f5 16. f3 Kh7 17. a4 Nf6 18. Nd3 f4 19. Nf2 Rfc8 20. Qd3 Ne8 21. Bd2 Bf6 22. Rfc1 Bh4 23. Nfd1 h5 24. Nb5 Rcb8 25. Rc4 Qxb5 26. axb5 Rxa1 27. Rc1 Rba8 28. Nc3 Rxc1+ 29. Bxc1 Ra1 30. Qc2 Ra5 31. Kf1 Kg7 32. Ke2 Kf7 33. Kd3 Ra7 34. Qb3 Nf6 35. Ke2 Nd7 36. Qc2 Nc5 37. Nb1 Nd7 38. Na3 Nc5 39. Bd2 Nd7 40. Bb4 Nc8 41. Kd3 Nf8 42. Qe2 Ra4 43. Kc3 Ra8 44. Qf1 Ne7 45. Nc2 Nd7 46. Ba3 Ng8 47. Nb4 Ngf6 48. Na6 Ne8 49. Kd2 Nf8 50. Ke2 Rd8 51. Qc1 Rd7 52. Qc6 Kg8 53. Nb8 Re7 54. Qb7 Kf7 55. Qc8 Bf6 56. Bb4 Bg7 57. Be1 Bf6 58. Bf2 Bg5 59. Nc6 Rd7 60. Qb8 Bf6 61. b4 Bg5 62. Bxb6 1-0

[Event "Toronto"]
[Site "Toronto"]
[Date "1989.??.??"]
[Round "4"]
[White "Vranesic, Zvonko"]
[Black "Dlugy, Maxim"]
[Result "0-1"]
[WhiteElo "2365"]
[BlackElo "2570"]
[PlyCount "114"]
[EventDate "1989.03.??"]
[EventType "tourn"]
[EventRounds "11"]
[EventCountry "CAN"]
[EventCategory "8"]
[SourceTitle "EXT 1997"]
[Source "ChessBase"]
[SourceDate "1996.11.15"]
[SourceVersion "1"]
[SourceVersionDate "1996.11.15"]
[SourceQuality "1"]

1. d4 d5 2. c4 dxc4 3. Nf3 a6 4. e3 e6 5. Bxc4 c5 6. Qe2 b5 7. Bd3 cxd4 8. exd4 Nf6 9. 0-0 Bb7 10. Bg5 Be7 11. Nc3 0-0 12. Rad1 Nbd7 13. Ne5 Nb6 14. Bb1 b4 15. Bxf6 Bxf6 16. Ne4 Bd5 17. Rfe1 g6 18. Nxf6+ Qxf6 19. Be4 Rfc8 20. Bxd5 Nxd5 21. Nd7 Qg5 22. Nc5 Rc6 23. g3 Qe7 24. Rc1 Rd6 25. Ne4 Rdd8 26. Rc6 a5 27. Rec1 Ra7 28. Rc8 Kg7 29. Rxd8 Qxd8 30. Rc5 Ne7 31. Rc4 Rd7 32. Nd2 Rd5 33. Nf3 Nf5 34. g4 Nh4 35. Nxh4 Qxh4 36. Kg2 h5 37. h3 Qg5 38. Qe3 hxg4 39. Qxg5 gxh3+ 40. Kxh3 Rxg5 41. f4 Rg1 42. Rc5 Rd1 43. Rxa5 Rxd4 44. Kg3 b3 45. Kf3 bxa2 46. Rxa2 Rb4 47. Ke3 f5 48. Kd3 Rxf4 49. b3 Rb4 50. Kc3 Rb8 51. b4 g5 52. Rb2 Kf6 53. b5 f4 54. b6 Kf5 55. Kd3 g4 56. Rb5+ e5 57. b7 g3 0-1

[Event "Toronto"]
[Site "Toronto"]
[Date "1989.??.??"]
[Round "6"]
[White "Vranesic, Zvonko"]
[Black "Kovacevic, Vlatko"]
[Result "0-1"]
[WhiteElo "2365"]
[BlackElo "2545"]
[PlyCount "80"]
[EventDate "1989.03.??"]
[EventType "tourn"]
[EventRounds "11"]
[EventCountry "CAN"]
[EventCategory "8"]
[SourceTitle "EXT 1997"]
[Source "ChessBase"]
[SourceDate "1996.11.15"]
[SourceVersion "1"]
[SourceVersionDate "1996.11.15"]
[SourceQuality "1"]

1. d4 Nf6 2. c4 e6 3. Nc3 d5 4. Bg5 Bb4 5. cxd5 exd5 6. Nf3 h6 7. Bxf6 Qxf6 8. Qa4+ Nc6 9. e3 0-0 10. Be2 Bxc3+ 11. bxc3 b6 12. 0-0 Bb7 13. c4 dxc4 14. Qxc4 Rfe8 15. Rad1 Re7 16. Rd2 Rd8 17. Rfd1 Na5 18. Qb4 Bd5 19. Ne5 Qe6 20. Bf3 Bxf3 21. Nxf3 Red7 22. Rc1 c5 23. dxc5 Rxd2 24. Nxd2 Qxa2 25. Ne4 Nb3 26. Rf1 Nxc5 27. Nxc5 bxc5 28. Qxc5 a5 29. Qc7 Rd2 30. h4 Qd5 31. e4 Qd8 32. Qa7 Re2 33. Qb7 a4 34. Qb4 Qa8 35. Re1 Rxe1+ 36. Qxe1 a3 37. Qa1 a2 38. g3 Qa4 39. Kh2 Qc2 40. Qe5 Qxf2+ 0-1

[Event "Toronto"]
[Site "Toronto"]
[Date "1989.??.??"]
[Round "8"]
[White "Vranesic, Zvonko"]
[Black "Stone, Raymond"]
[Result "1-0"]
[WhiteElo "2365"]
[BlackElo "2345"]
[PlyCount "69"]
[EventDate "1989.03.??"]
[EventType "tourn"]
[EventRounds "11"]
[EventCountry "CAN"]
[EventCategory "8"]
[SourceTitle "EXT 1997"]
[Source "ChessBase"]
[SourceDate "1996.11.15"]
[SourceVersion "1"]
[SourceVersionDate "1996.11.15"]
[SourceQuality "1"]

1. d4 Nf6 2. c4 g6 3. f3 d5 4. cxd5 Nxd5 5. e4 Nb6 6. Be3 Bg7 7. Nc3 0-0 8. f4 Nc6 9. Nf3 Bg4 10. d5 Na5 11. Bd4 e5 12. Bxe5 Bxe5 13. fxe5 Re8 14. Qd4 Bxf3 15. gxf3 Nc6 16. Qf2 Nxe5 17. 0-0-0 Qe7 18. h4 Rad8 19. h5 c6 20. f4 Ng4 21. Qg3 Nf6 22. Bg2 cxd5 23. hxg6 fxg6 24. e5 Ne4 25. Bxe4 dxe4 26. Nxe4 Rxd1+ 27. Rxd1 Kg7 28. Nf6 Rc8+ 29. Kb1 Qe6 30. Rh1 Qf5+ 31. Ka1 h5 32. a3 Kh6 33. Qf3 Rc4 34. Qxb7 Qxf4 35. Qh7+ 1-0